Angielskie czasowniki - Statystyki

Ogólne statystyki
  • Ten quiz został rozwiązany 599 razy
  • Średni wynik to 24 z 25
Statystyki odpowiedzi
Angielski Polski % Poprawnych
be być
100%
dance tańczyć
99%
run biegać
98%
read czytać
98%
go iść
98%
eat jesć
98%
have mieć
98%
drink pić
98%
swim pływać
98%
jump skakać
98%
listen słuchać
98%
sleep spać
98%
sing śpiewać
98%
say mówić
97%
open otwierać
97%
see widzieć
97%
think myśleć
96%
write pisać
96%
travel podróżować
96%
do robić
96%
give dawać
95%
stand stać
95%
talk rozmawiać
92%
close zamykać
91%
take brać
89%
Nie znaleziono quizów pasujących do podanych kryteriów
Rozkład punktacji
Procent ludzi z każdym wynikiem
Percentyl według liczby udzielonych odpowiedzi
Twoja historia wyników
Nie rozwiązałeś tego quizu